Fables de La Fontaine illustrées (Record no. 156702)

MARC details
000 -LEADER
campo de control de longitud fija 00857nam a2200217 i 4500
001 - NÚMERO DE CONTROL
campo de control 156702
003 - IDENTIFICADOR DE NÚMERO DE CONTROL
campo de control ES-MaACL
005 - FECHA Y HORA DE LA ÚLTIMA TRANSACCIÓN
campo de control 20251015063140.0
008 - DATOS DE LONGITUD FIJA--INFORMACIÓN GENERAL
campo de control de longitud fija 040806s1855 fr a |||| | fre d
040 ## - FUENTE DE CATALOGACIÓN
Centro catalogador/agencia de origen CAM
Lengua de catalogación spa
Centro/agencia transcriptor CAM
100 1# - ENTRADA PRINCIPAL--NOMBRE DE PERSONA
Nombre de persona La Fontaine, Jean de,
Fechas asociadas al nombre 1621-1695
9 (RLIN) 69147
245 10 - MENCIÓN DEL TÍTULO
Título Fables de La Fontaine illustrées
Resto del título : précédées de la vie d'Esope et accompagnées des notes de Coste.
250 ## - MENCION DE EDICION
Mención de edición Nouvelle édition dans laquelle on aperçoit d'un coup d'oeil la moralité de la fable.
260 ## - PUBLICACIÓN, DISTRIBUCIÓN, ETC.
Lugar de publicación, distribución, etc. Tours :
Nombre del editor, distribuidor, etc. A.s et Mame et cie imprimeurs-libraires,
Fecha de publicación, distribución, etc. 1855.
300 ## - DESCRIPCIÓN FÍSICA
Extensión 391 p., [1] h. de lám. :
Otras características físicas il. ;
Dimensiones 14 cm.
600 04 - PUNTO DE ACCESO ADICIONAL DE MATERIA--NOMBRE DE PERSONA
Nombre de persona Esopo
9 (RLIN) 47736
650 #4 - PUNTO DE ACCESO ADICIONAL DE MATERIA--TÉRMINO DE MATERIA
Término de materia o nombre geográfico como elemento de entrada Fábulas.
9 (RLIN) 136149
700 1# - ENTRADA AGREGADA--NOMBRE PERSONAL
Nombre de persona Coste, Pierre,
Fechas asociadas al nombre 1668-1747
9 (RLIN) 41139
852 ## - LOCALIZACIÓN
Ubicación ES-MaACL
Número de control de estantería D-3985
Nota libre -- Enc. hol.
-- -- Legado M. de la Fuente
Holdings
Estatus retirado Estado de pérdida Estado de daño No para préstamo Colección Biblioteca de origen Biblioteca actual Ubicación en estantería Fecha de adquisición Fuente de adquisición Total de préstamos Signatura topográfica completa Código de barras Visto por última vez Precio de reemplazo Tipo de ítem Koha
        Libros del s. XIX Biblioteca del Ateneo de Madrid Biblioteca del Ateneo de Madrid Sala Valle Inclán 17/01/2008     D-3985 901163946 23/02/2023 23/02/2023 Libro impreso antiguo